Adèle - Chansons de l'album 25 - Statistiques

Statistiques générales
  • Ce quiz a été pris 13 fois
  • Le résultat moyen est 6 sur 14
Statistiques - réponses
Hint Réponse % Correct
25 1 Hello
82%
25 2 Send My Love (To Your New Lover)
73%
2 9 Million Years Ago
64%
25 4 When We Were Young
64%
2 10 All I Ask
55%
25 8 Love In The Dark
55%
25 5 Remedy
45%
25 6 Water Under The Bridge
45%
25 3 I Miss You
36%
25 7 River Lea
36%
2 11 Sweetest Devotion
36%
25 Deluxe Edition 12 Can't Let Go
18%
25 Deluxe Edition 13 Lay Me Down
18%
25 Deluxe Edition 14 Why Do You Love Me
18%
Aucun quiz correspondant
Distribution des résultats
% des personnes avec chaque résultat
Percentile par nombre de réponses
Votre historique - résultats
Vous n’avez pas pris ce quiz